[Event "turkeys on parade :  1200 to 1400"]
[Site "SchemingMind.com"]
[Date "2007.10.09"]
[Round "-"]
[White "St.Alfonzo"]
[Black "lame wolf"]
[Result "1-0"]
[WhiteCountry "CAN"]
[BlackCountry "INT"]
[WhiteElo "1278"]
[WhiteRD "76"]
[BlackElo "1157"]
[BlackRD "48"]
[GameID "123725"]

1. e4 d5 2. e5 c5 3. d4 cxd4 4. Qxd4 e6 5. Qa4+ Bd7 6. Qb3 Qc8 7. Bb5 Nc6 8. Nf3 a6 9. Bxc6 Bxc6 10. O-O b5
11. Ng5 Nh6 12. Qh3 f6 13. Nxh7 f5 14. Qh5+ Kd7 15. Bxh6 Rxh7 16. Qf7+ Kd8 17. Bg5+ Be7 18. Bxe7+ Kc7 19. Bc5+ Kb8 20. Bd6+
1-0

[Event "turkeys on parade :  1200 to 1400"]
[Site "SchemingMind.com"]
[Date "2007.10.10"]
[Round "-"]
[White "St.Alfonzo"]
[Black "Max Webster"]
[Result "1/2-1/2"]
[WhiteCountry "CAN"]
[BlackCountry "CAN"]
[WhiteElo "1278"]
[WhiteRD "76"]
[BlackElo "1357"]
[BlackRD "102"]
[GameID "123726"]

1. e4 e5 2. d4 exd4 3. Qxd4 Nc6 4. Qd3 Nb4 5. Qc3 d5 6. Nd2 dxe4 7. Nxe4 Bf5 8. f3 Nc6 9. a3 Bxe4 10. fxe4 Qd4
11. Qxd4 Nxd4 12. Bd3 a6 13. Be3 Nc6 14. O-O-O O-O-O 15. Ne2 Be7 16. Nc3 Nf6 17. Nd5 Nxd5 18. exd5 Rxd5 19. Bc4 Rxd1+ 20. Rxd1 h6
21. Bxf7 Bg5 22. Bxg5 hxg5 23. h3 Rf8 24. Bd5 Rd8 25. c4 Kb8 26. Bxc6 Rxd1+ 27. Kxd1 bxc6 28. Ke2 Kc8 29. Ke3 Kd7 30. c5 Ke6
31. Kd4 Kf5 32. Ke3 g4 33. b4 gxh3 34. gxh3 Ke5 35. h4 g6 36. Kf3 Kf5 37. Kg3 Ke5 38. Kg4 Kf6 39. Kf4 Ke6 40. Kg5 Kf7
41. h5 gxh5 42. Kxh5 Ke6 43. Kg5 Kd5 44. Kf5 Kc4 45. Ke6 Kb3 46. Kd7 Kxa3 47. Kxc7 Kxb4 48. Kxc6 a5 49. Kb6 a4 50. c6 a3
51. c7 a2 52. c8=Q a1=Q 53. Qc5+ Kb3 54. Qb5+ Kc2 55. Qc5+= Qc3 56. Qxc3+ Kxc3
1/2-1/2

[Event "turkeys on parade :  1200 to 1400"]
[Site "SchemingMind.com"]
[Date "2007.10.09"]
[Round "-"]
[White "St.Alfonzo"]
[Black "Manfred Kraut"]
[Result "0-1"]
[WhiteCountry "CAN"]
[BlackCountry "GER"]
[WhiteElo "1278"]
[WhiteRD "76"]
[BlackElo "1268"]
[BlackRD "78"]
[GameID "123727"]

1. e4 e6 2. d4 d5 3. e5 Nc6 4. Nf3 g6 5. Bg5 Be7 6. Bxe7 Qxe7 7. Nc3 Qb4 8. Qd3 Qxb2 9. Rb1 Qxb1+ 10. Nxb1 Nge7
11. Ng5 Nf5 12. g3 h6 13. Nf3 Bd7 14. Nh4 O-O-O 15. Nc3 g5 16. Nxf5 exf5 17. Be2 Rde8 18. O-O Nb4 19. Bh5 Nxd3 20. Bxf7 Re7
0-1

[Event "turkeys on parade :  1200 to 1400"]
[Site "SchemingMind.com"]
[Date "2007.10.09"]
[Round "-"]
[White "St.Alfonzo"]
[Black "jhobeck"]
[Result "0-1"]
[WhiteCountry "CAN"]
[BlackCountry "USA"]
[WhiteElo "1278"]
[WhiteRD "76"]
[BlackElo "1365"]
[BlackRD "70"]
[GameID "123728"]

1. e4 d5 2. e5 c5 3. d4 e6 4. Nf3 Nc6 5. Bb5 Bd7 6. Nc3 cxd4 7. Nxd4 Qb6 8. Be3 Bc5 9. Nf3 d4 10. Bxd4 Nge7
11. Nd5 Qa5+ 12. Nc3 Qb4 13. b3 Nd5 14. Ng5 Bxd4 15. a3 Qxc3+
0-1

[Event "turkeys on parade :  1200 to 1400"]
[Site "SchemingMind.com"]
[Date "2007.10.09"]
[Round "-"]
[White "St.Alfonzo"]
[Black "Qetyria"]
[Result "0-1"]
[WhiteCountry "CAN"]
[BlackCountry "USA"]
[WhiteElo "1187"]
[WhiteRD "72"]
[BlackElo "1278"]
[BlackRD "84"]
[GameID "123729"]

1. e4 e5 2. d4 d5 3. dxe5 Bc5 4. Nh3 Nh6 5. f3 O-O 6. Bxh6 gxh6 7. exd5 Re8 8. e6 fxe6 9. Nc3 exd5+ 10. Be2 b6
11. Nxd5 Re5 12. c4 c6 13. f4 Re4 14. Nc3 Qxd1+ 15. Rxd1 Re8 16. Nf2 Na6 17. O-O Nb4 18. a3 Nc2 19. Rd3 Rxe2 20. Nxe2 Bf5
21. Rg3+ Bg6 22. Rc3 Re8 23. Nc1 Be3 24. Nd3 Nd4 25. Ne5 Bh5 26. g4 Ne2+
0-1

[Event "turkeys on parade :  1200 to 1400"]
[Site "SchemingMind.com"]
[Date "2007.10.09"]
[Round "-"]
[White "St.Alfonzo"]
[Black "Fred Fanelli"]
[Result "0-1"]
[WhiteCountry "CAN"]
[BlackCountry "USA"]
[WhiteElo "1278"]
[WhiteRD "76"]
[BlackElo "1575"]
[BlackRD "85"]
[GameID "123730"]

1. e4 c6 2. d4 d5 3. e5 Bf5 4. Nf3 e6 5. Bd3 Ne7 6. Bg5 Bg4 7. Qd2 h6 8. Bxe7 Bxe7 9. O-O O-O 10. c4 Bxf3
11. gxf3 Nd7 12. f4 f5 13. Qe3 Kh8 14. Nd2 g5 15. Qh3 gxf4 16. Qxh6+ Kg8 17. Qxe6+ Rf7 18. Qg6+ Rg7
0-1

[Event "turkeys on parade :  1200 to 1400"]
[Site "SchemingMind.com"]
[Date "2007.10.08"]
[Round "-"]
[White "lame wolf"]
[Black "St.Alfonzo"]
[Result "0-1"]
[WhiteCountry "INT"]
[BlackCountry "CAN"]
[WhiteElo "1157"]
[WhiteRD "48"]
[BlackElo "1278"]
[BlackRD "76"]
[GameID "123731"]

1. d4 Nc6 2. d5 Nb4 3. Na3 b6 4. e4 Bb7 5. Bd3 Nxd3+ 6. Qxd3 d6 7. Nf3 g6 8. O-O Nh6 9. Bxh6 Bxh6 10. c4 Bg7
11. Rab1 Ba6 12. b3 O-O 13. b4 Qd7 14. b5 Bb7 15. Nc2 a6 16. a4 a5 17. Ne3 e6 18. dxe6 Qxe6 19. Rfd1 Bxe4 20. Ng5 Bxd3
21. Nxe6 Bxb1 22. Nxf8 Bf5 23. Nxf5 gxf5 24. Nd7 Rd8 25. Nxb6 cxb6 26. f4 Rc8 27. Rxd6 Rxc4 28. Rxb6 Bd4+
0-1

[Event "turkeys on parade :  1200 to 1400"]
[Site "SchemingMind.com"]
[Date "2007.10.08"]
[Round "-"]
[White "Max Webster"]
[Black "St.Alfonzo"]
[Result "0-1"]
[WhiteCountry "CAN"]
[BlackCountry "CAN"]
[WhiteElo "1357"]
[WhiteRD "102"]
[BlackElo "1278"]
[BlackRD "76"]
[GameID "123732"]

1. e4 d5 2. e5 d4 3. h3 c5 4. Bb5+ Bd7 5. Bxd7+ Qxd7 6. d3 g6 7. Nf3 Bg7 8. O-O e6 9. c3 Nc6 10. c4 Nxe5
11. Nxe5 Bxe5 12. Nd2 Bc7 13. Ne4 f5 14. Nxc5 Qd6 15. Nxe6 Qh2#
0-1

[Event "turkeys on parade :  1200 to 1400"]
[Site "SchemingMind.com"]
[Date "2007.10.08"]
[Round "-"]
[White "Manfred Kraut"]
[Black "St.Alfonzo"]
[Result "1-0"]
[WhiteCountry "GER"]
[BlackCountry "CAN"]
[WhiteElo "1246"]
[WhiteRD "67"]
[BlackElo "1187"]
[BlackRD "72"]
[GameID "123733"]

1. e4 d5 2. e5 e6 3. d4 Nc6 4. Nf3 Bb4+ 5. c3 Be7 6. Bd3 g6 7. O-O h5 8. h4 f5 9. Bg5 Bxg5 10. Nxg5 Nh6
11. Nd2 b6 12. b4 Ne7 13. Qa4+ Bd7 14. Qa3 Ng4 15. c4 dxc4 16. Bxc4 Nd5 17. f3 Nge3 18. Bxd5 exd5 19. Rfe1 Nc2 20. Qc3 Nxe1
21. Rxe1 Qb8 22. e6 Bb5 23. Re5 Qb7 24. Nh3 O-O-O 25. Nf4 Rdg8 26. Qb3 g5 27. Nxd5 gxh4 28. Ne7+ Kb8 29. Nxg8
1-0

[Event "turkeys on parade :  1200 to 1400"]
[Site "SchemingMind.com"]
[Date "2007.10.09"]
[Round "-"]
[White "Qetyria"]
[Black "St.Alfonzo"]
[Result "1-0"]
[WhiteCountry "USA"]
[BlackCountry "CAN"]
[WhiteElo "1278"]
[WhiteRD "84"]
[BlackElo "1187"]
[BlackRD "72"]
[GameID "123735"]

1. e3 e5 2. Qf3 d5 3. c4 d4 4. exd4 exd4 5. c5 Bxc5 6. Qe4+ Qe7 7. f3 Qxe4+ 8. fxe4 Bb4 9. a3 Bc5 10. Nf3 Nc6
11. Bc4 Nh6 12. b4 Be7 13. O-O Bg4 14. Ng5 f6 15. Ne6 Bxe6 16. Bxe6 Nd8 17. Bd5 g5 18. d3 Nc6 19. b5 Na5 20. g3 O-O-O
21. h4 gxh4 22. Bxh6 hxg3 23. Bg7 Rhg8 24. Bxg8
1-0

[Event "turkeys on parade :  1200 to 1400"]
[Site "SchemingMind.com"]
[Date "2007.10.09"]
[Round "-"]
[White "Fred Fanelli"]
[Black "St.Alfonzo"]
[Result "1-0"]
[WhiteCountry "USA"]
[BlackCountry "CAN"]
[WhiteElo "1575"]
[WhiteRD "85"]
[BlackElo "1278"]
[BlackRD "76"]
[GameID "123736"]

1. e4 d5 2. exd5 Qxd5 3. Nc3 Qa5 4. d4 e5 5. dxe5 Qxe5+ 6. Be2 Bb4 7. Bd2 Bxc3 8. Bxc3 Qg5 9. Bf3 Nc6 10. Ne2 Nf6
11. Qd2 Qe5 12. Bxe5 Nxe5 13. Qe3 Nd7 14. Bg4 O-O 15. Bxd7 Bxd7 16. O-O-O
1-0

[Event "turkeys on parade :  1200 to 1400"]
[Site "SchemingMind.com"]
[Date "2007.10.10"]
[Round "-"]
[White "caffeine"]
[Black "lame wolf"]
[Result "1-0"]
[WhiteCountry "CZE"]
[BlackCountry "INT"]
[WhiteElo "1415"]
[WhiteRD "102"]
[BlackElo "1157"]
[BlackRD "48"]
[GameID "124078"]

1. e4 d5 2. exd5 Qxd5 3. Nc3 Qd8 4. d4 c5 5. d5 b6 6. Bb5+ Bd7 7. Nf3 a6 8. Bxd7+ Nxd7 9. O-O Ngf6 10. Re1 Ra7
11. d6 Nb8 12. Bf4 e6 13. Ne4 Nxe4 14. Rxe4 Rd7 15. Qd2 h6 16. Rd1 f5 17. Rxe6+ Kf7 18. Rde1 Bxd6 19. Bxd6 Re8 20. Rxe8
1-0

[Event "turkeys on parade :  1200 to 1400"]
[Site "SchemingMind.com"]
[Date "2007.10.10"]
[Round "-"]
[White "caffeine"]
[Black "Max Webster"]
[Result "1-0"]
[WhiteCountry "CZE"]
[BlackCountry "CAN"]
[WhiteElo "1470"]
[WhiteRD "81"]
[BlackElo "1364"]
[BlackRD "88"]
[GameID "124079"]

1. e4 e5 2. Nf3 Nc6 3. d4 exd4 4. Nxd4 Nxd4 5. Qxd4 Nf6 6. Bg5 h6 7. Bh4 g5 8. Bg3 d6 9. Bc4 Qe7 10. Nd2 Be6
11. Bb5+ c6 12. Ba4 b5 13. Bb3 Bxb3 14. cxb3 Bg7 15. O-O O-O 16. Rfe1 Rad8 17. Nf3 Nh5 18. Qe3 Nxg3 19. hxg3 c5 20. e5 d5
21. Qd3 c4 22. bxc4 dxc4 23. Qc3 Rd3 24. Qc2 Rfd8 25. Qe2 g4 26. Nh4 Qe6 27. Qe4 Bf6 28. Ng6 fxg6 29. Qxg6+ Kf8 30. Qxh6+ Kf7
31. exf6 Qxf6 32. Qh5+ Qg6 33. Qxb5 R8d5 34. Qb7+ Rd7 35. Qe4 Qxe4 36. Rxe4 R3d4 37. Rae1 Rxe4 38. Rxe4 Rd2 39. Rxc4 Rxb2 40. Ra4 Rb7
41. Rxg4 Rb1+ 42. Kh2 Rb2 43. Ra4 Rxf2 44. Rxa7+ Kg6 45. a4 Ra2 46. Kh3 Kg5 47. a5 Ra1 48. g4 Ra3+ 49. g3 Ra4 50. a6 Rxg4
51. Rg7+
1-0

[Event "turkeys on parade :  1200 to 1400"]
[Site "SchemingMind.com"]
[Date "2007.10.10"]
[Round "-"]
[White "caffeine"]
[Black "Manfred Kraut"]
[Result "1-0"]
[WhiteCountry "CZE"]
[BlackCountry "GER"]
[WhiteElo "1454"]
[WhiteRD "80"]
[BlackElo "1246"]
[BlackRD "67"]
[GameID "124080"]

1. e4 c5 2. Nf3 d6 3. d4 Nf6 4. Nc3 cxd4 5. Nd5 Qa5+ 6. Bd2 Qb5 7. Bxb5+ Bd7 8. Nc7+ Kd8 9. Nxa8 Bxb5 10. Nxd4 Bd7
11. Ba5+ Kc8 12. Bc7 Na6 13. Nb6+ axb6 14. Bxb6 e5 15. Nf3 Be6 16. O-O Nxe4 17. Qe2 Bd5 18. Qb5 Bc6 19. Qc4 d5 20. Qb3 Bd6
21. c4 d4 22. Rad1 Nec5 23. Bxc5 Nxc5 24. Qa3 Kd7 25. Rfe1 f6 26. b4 Ne6 27. c5 Bc7 28. Nxd4 exd4 29. Re2 b6 30. Rde1 Nd8
31. Re7+ Kc8 32. Qa7 Nb7 33. R1e6 Re8 34. Rxe8+ Bxe8 35. Rxe8+ Nd8 36. c6 d3 37. Re7
1-0

[Event "turkeys on parade :  1200 to 1400"]
[Site "SchemingMind.com"]
[Date "2007.10.10"]
[Round "-"]
[White "caffeine"]
[Black "jhobeck"]
[Result "1-0"]
[WhiteCountry "CZE"]
[BlackCountry "USA"]
[WhiteElo "1462"]
[WhiteRD "79"]
[BlackElo "1326"]
[BlackRD "75"]
[GameID "124081"]

1. e4 d5 2. exd5 Qxd5 3. Nc3 Qa5 4. Nf3 Bg4 5. Be2 Bf5 6. d4 e6 7. Bb5+ c6 8. Ba4 Bb4 9. Bb3 c5 10. dxc5 Qxc5
11. Ba4+ Nc6 12. Be3 Qe7 13. O-O Nf6 14. Bg5 Bd6 15. Qd2 O-O-O 16. Nd4 Be5 17. Nxc6 Rxd2 18. Nxe7+ Kd8 19. Nxf5 exf5 20. Rad1 Rd6
21. Rd2 Rxd2 22. Bxd2 Ng4 23. Rd1 Bxh2+ 24. Kh1 Nxf2+ 25. Kxh2 Ng4+ 26. Kg3 Ne5 27. Bg5+ Kc7 28. Nd5+ Kd6 29. Nf4+ Kc5 30. Rd5+ Kb4
31. Bb3 Nc6 32. Nd3#
1-0

[Event "turkeys on parade :  1200 to 1400"]
[Site "SchemingMind.com"]
[Date "2007.10.10"]
[Round "-"]
[White "caffeine"]
[Black "St.Alfonzo"]
[Result "1-0"]
[WhiteCountry "CZE"]
[BlackCountry "CAN"]
[WhiteElo "1454"]
[WhiteRD "80"]
[BlackElo "1187"]
[BlackRD "72"]
[GameID "124082"]

1. e4 d5 2. exd5 Qxd5 3. Nc3 Qa5 4. Bb5+ Bd7 5. Bxd7+ Nxd7 6. Nf3 O-O-O 7. d4 Ngf6 8. O-O h5 9. Ng5 Re8 10. Qe2 a6
11. Bf4 Qb6 12. Nxf7 Rg8 13. Rad1 Qxb2 14. Rd3 Qb4 15. Qe6 g6 16. Nd5 Nxd5 17. Qxd5 e6 18. Qb3 Qe7 19. Qc3 c6 20. Qa5 Nb8
21. Nd6+
1-0

[Event "turkeys on parade :  1200 to 1400"]
[Site "SchemingMind.com"]
[Date "2007.10.10"]
[Round "-"]
[White "caffeine"]
[Black "Qetyria"]
[Result "1-0"]
[WhiteCountry "CZE"]
[BlackCountry "USA"]
[WhiteElo "1454"]
[WhiteRD "80"]
[BlackElo "1278"]
[BlackRD "84"]
[GameID "124083"]

1. e4 e5 2. Nf3 Nf6 3. Nxe5 Nxe4 4. Qe2 d6 5. d3 Nc5 6. Nc6+ Qe7 7. Nxe7 Bxe7 8. g3 O-O 9. Qxe7 Ne6 10. Qh4 g5
11. Qh6 Ng7 12. Bg2 Re8+ 13. Be4 Bf5 14. O-O Bxe4 15. dxe4 Re6 16. Qxg5 f6 17. Qd5 Nc6 18. Bh6 Nb4 19. Qc4 Nc6 20. Nc3 Re8
21. Nb5 Ne5 22. Qb3 Rc8 23. Nxa7 Ra8 24. Qxb7 Ree8 25. Qxc7 Rab8 26. Qxg7#
1-0

[Event "turkeys on parade :  1200 to 1400"]
[Site "SchemingMind.com"]
[Date "2007.10.10"]
[Round "-"]
[White "caffeine"]
[Black "Fred Fanelli"]
[Result "0-1"]
[WhiteCountry "CZE"]
[BlackCountry "USA"]
[WhiteElo "1454"]
[WhiteRD "80"]
[BlackElo "1580"]
[BlackRD "72"]
[GameID "124084"]

1. e4 c6 2. d4 d5 3. c4 dxe4 4. Be3 Nf6 5. Nd2 e6 6. Nxe4 Nxe4 7. Qf3 Nf6 8. Bd3 Bb4+ 9. Bd2 Bxd2+ 10. Kxd2 c5
11. Ne2 Nc6 12. Qf4 O-O 13. a3 Nxd4 14. Nxd4 Qxd4 15. Rhd1 Qxf4+ 16. Ke1 e5 17. b4 Be6 18. bxc5 Bxc4 19. Rab1 Bd5 20. Bb5 Qe4+
21. Be2 Bc4 22. Rb2 Nd5
0-1

[Event "turkeys on parade :  1200 to 1400"]
[Site "SchemingMind.com"]
[Date "2007.10.10"]
[Round "-"]
[White "lame wolf"]
[Black "caffeine"]
[Result "0-1"]
[WhiteCountry "INT"]
[BlackCountry "CZE"]
[WhiteElo "1168"]
[WhiteRD "52"]
[BlackElo "1454"]
[BlackRD "80"]
[GameID "124085"]

1. e4 e5 2. d3 Nf6 3. Be3 d5 4. exd5 Nxd5 5. d4 Bb4+ 6. c3 Ba5 7. b4 Bb6 8. b5 O-O 9. Bc4 Be6 10. Be2 a6
11. bxa6 bxa6 12. Bc4 Nxe3 13. fxe3 Bxc4 14. Nd2 Bd5 15. e4 Bxe4 16. Nxe4 exd4 17. cxd4 Re8 18. Qd3 Qxd4 19. Qxd4 Bxd4 20. Ne2 Rxe4
21. Rd1 Nc6 22. Kf1 Be3 23. Ng3 Rf4+ 24. Ke2 Re8 25. Rhf1 Nd4+ 26. Kd3 Rxf1 27. Nxf1 Nf5 28. Nxe3 Rxe3+ 29. Kd2 Re8
0-1

[Event "turkeys on parade :  1200 to 1400"]
[Site "SchemingMind.com"]
[Date "2007.10.11"]
[Round "-"]
[White "Max Webster"]
[Black "caffeine"]
[Result "0-1"]
[WhiteCountry "CAN"]
[BlackCountry "CZE"]
[WhiteElo "1355"]
[WhiteRD "82"]
[BlackElo "1454"]
[BlackRD "80"]
[GameID "124086"]

1. e4 e5 2. Nf3 d6 3. Bc4 Nf6 4. d3 d5 5. exd5 Nxd5 6. Nxe5 Be6 7. Qf3 Nc6 8. c3 Nxe5 9. Qe2 Bd6 10. d4 Nxc4
11. Qxc4 Qh4 12. h3 O-O 13. Nd2 Rfe8 14. O-O Ne3 15. Qe2 Nxf1 16. Qxf1 Bd5 17. Qd3 Re1+ 18. Nf1 Rae8 19. Qd2 R1e2 20. Qd3 Qxf2+
0-1

[Event "turkeys on parade :  1200 to 1400"]
[Site "SchemingMind.com"]
[Date "2007.10.10"]
[Round "-"]
[White "Manfred Kraut"]
[Black "caffeine"]
[Result "0-1"]
[WhiteCountry "GER"]
[BlackCountry "CZE"]
[WhiteElo "1246"]
[WhiteRD "67"]
[BlackElo "1454"]
[BlackRD "80"]
[GameID "124087"]

1. c4 e6 2. Nc3 d5 3. d4 Nc6 4. Nf3 Bb4 5. e3 Nf6 6. Bd2 Ne4 7. cxd5 exd5 8. a3 Ba5 9. b4 Bb6 10. Na4 O-O
11. Nxb6 cxb6 12. b5 Na5 13. Bd3 Nxd2 14. Qxd2 Nb3 15. Qb4 Nxa1 16. O-O Bg4 17. Rxa1 Bxf3 18. gxf3 Qg5+ 19. Kf1 Rfe8 20. Ke2 Rxe3+
21. fxe3 Qg2+ 22. Kd1 Qg1+ 23. Qe1 Qxh2 24. Rc1 Qg2 25. Be2 a6 26. bxa6 bxa6 27. Bxa6 Qxf3+ 28. Be2 Qf5 29. Qb4 h5 30. Kd2 h4
31. Rf1 Qe6 32. Rh1 g5 33. Rg1 f6 34. Rg4 h3 35. Qb1 Rxa3 36. Qh1 Ra2+ 37. Kc3 Qxe3+ 38. Kb4 Qxe2 39. Qxd5+ Kg7 40. Re4 Qb2+
41. Qb3 h2 42. Re7+ Kf8 43. Rf7+= Ke8 44. Rxf6 h1=Q
0-1

[Event "turkeys on parade :  1200 to 1400"]
[Site "SchemingMind.com"]
[Date "2007.10.10"]
[Round "-"]
[White "jhobeck"]
[Black "caffeine"]
[Result "1-0"]
[WhiteCountry "USA"]
[BlackCountry "CZE"]
[WhiteElo "1356"]
[WhiteRD "72"]
[BlackElo "1454"]
[BlackRD "80"]
[GameID "124088"]

1. e4 e5 2. Bc4 Nf6 3. d3 Bc5 4. Be3 b6 5. Nc3 Bb7 6. Nf3 d5 7. exd5 Nxd5 8. Nxe5 O-O 9. Bd2 Re8 10. Qf3 Rxe5+
11. Ne2 Nb4 12. Qxf7+ Kh8 13. Bc3 Rg5 14. Bd2 Re5 15. d4 Re7 16. Qf5 Qxd4 17. Qf8#
1-0

[Event "turkeys on parade :  1200 to 1400"]
[Site "SchemingMind.com"]
[Date "2007.10.11"]
[Round "-"]
[White "St.Alfonzo"]
[Black "caffeine"]
[Result "0-1"]
[WhiteCountry "CAN"]
[BlackCountry "CZE"]
[WhiteElo "1187"]
[WhiteRD "72"]
[BlackElo "1454"]
[BlackRD "80"]
[GameID "124089"]

1. e4 e5 2. d4 Nc6 3. d5 Nce7 4. Nf3 Ng6 5. Nc3 Bb4 6. Bd2 Nf6 7. Bc4 d6 8. O-O Bc5 9. Bg5 O-O 10. a3 Bg4
11. Qd3 Qd7 12. Bxf6 gxf6 13. Bb5 c6 14. Bc4 f5 15. exf5 Nf4 16. Qd2 Bxf3 17. gxf3 Qxf5 18. Rfe1 Qg5+
0-1

[Event "turkeys on parade :  1200 to 1400"]
[Site "SchemingMind.com"]
[Date "2007.10.10"]
[Round "-"]
[White "Qetyria"]
[Black "caffeine"]
[Result "0-1"]
[WhiteCountry "USA"]
[BlackCountry "CZE"]
[WhiteElo "1278"]
[WhiteRD "84"]
[BlackElo "1454"]
[BlackRD "80"]
[GameID "124090"]

1. e3 e6 2. Nc3 d5 3. Bb5+ Bd7 4. e4 d4 5. Na4 Bxb5 6. b3 Nc6 7. Nc5 Bxc5 8. c4 dxc3 9. a4 Ba6 10. Qf3 cxd2+
11. Bxd2 Nd4 12. Qc3 Nf6 13. Rc1 Nxe4 14. Qa5 Bd3 15. f3 b6 16. Qa6 Bxa6 17. fxe4 Nxb3 18. Rc2 Qd3 19. Rb2 Qxe4+ 20. Kd1 Bd3
21. Be1 Rd8 22. Rxb3 Bc2+ 23. Kc1 Bxb3
0-1

[Event "turkeys on parade :  1200 to 1400"]
[Site "SchemingMind.com"]
[Date "2007.10.10"]
[Round "-"]
[White "Fred Fanelli"]
[Black "caffeine"]
[Result "1-0"]
[WhiteCountry "USA"]
[BlackCountry "CZE"]
[WhiteElo "1580"]
[WhiteRD "72"]
[BlackElo "1454"]
[BlackRD "80"]
[GameID "124091"]

1. d4 d5 2. c4 Nf6 3. Nc3 e6 4. e3 Be7 5. Nf3 c5 6. dxc5 Bxc5 7. cxd5 exd5 8. Bb5+ Bd7 9. O-O O-O 10. Bd3 Nc6
11. a3 Bg4 12. Be2 Ne4 13. Qd3 a6 14. Rd1 Be6 15. Nxe4 dxe4 16. Qc2 exf3 17. Rxd8 fxe2 18. Rxf8+ Kxf8 19. Qxe2 Rd8 20. b4 Bb6
21. Bb2 a5 22. Rd1 axb4 23. Rxd8+ Bxd8 24. axb4 Nxb4 25. Ba3 Be7 26. Bxb4 Bxb4 27. Qb5 Be7 28. Qxb7 g5 29. Qf3 g4 30. Qf4 f5
31. Qh6+
1-0

[Event "turkeys on parade :  1200 to 1400"]
[Site "SchemingMind.com"]
[Date "2007.10.27"]
[Round "-"]
[White "shakazulu"]
[Black "lame wolf"]
[Result "1-0"]
[WhiteCountry "ESP"]
[BlackCountry "INT"]
[WhiteElo "1307"]
[WhiteRD "81"]
[BlackElo "1168"]
[BlackRD "52"]
[GameID "126454"]

1. e4 d5 2. e5 c5 3. Nf3 e6 4. d4 cxd4 5. Nxd4 Bd7 6. Bf4 Bc5 7. Nb3 Ne7 8. Nxc5 Bc6 9. b4 b6 10. Nb3 Ng6
11. Qg4 Qh4 12. Qxh4 Nxh4 13. b5 Bb7 14. Nc3 Ng6 15. Bg5 Nxe5 16. Nd4 O-O 17. f4 Ned7 18. h4 e5 19. Nf5 d4 20. Ne7+ Kh8
21. Ncd5 a6 22. f5 Bxd5 23. Nxd5 f6 24. Bd2 axb5 25. h5 h6 26. O-O-O Rxa2 27. Kb1 Ra3 28. Bb4
1-0

[Event "turkeys on parade :  1200 to 1400"]
[Site "SchemingMind.com"]
[Date "2007.10.27"]
[Round "-"]
[White "shakazulu"]
[Black "Max Webster"]
[Result "0-1"]
[WhiteCountry "ESP"]
[BlackCountry "CAN"]
[WhiteElo "1307"]
[WhiteRD "81"]
[BlackElo "1355"]
[BlackRD "82"]
[GameID "126455"]

1. d4 d5 2. e4 dxe4 3. d5 Nf6 4. Bg5 Nxd5 5. c3 h6 6. c4 hxg5 7. cxd5 e6 8. Nc3 Bb4 9. Qa4+ c6 10. Qxb4 cxd5
11. O-O-O Nc6 12. Qb3 O-O 13. f3 exf3 14. Nxf3 g4 15. Nd4 Nxd4 16. Rxd4 Qg5+ 17. Rd2 a6 18. h4 Qf5 19. Bd3 Qf4 20. Qd1 b5
21. Ne2 Qh6 22. Ng3 e5 23. Bf5 g6 24. Bc2 Bf5 25. Bxf5 gxf5 26. Nxf5 Rac8+ 27. Kb1 Qg6 28. Qf1 d4 29. Ka1 Qe6 30. h5 f6
31. Rh4 Qxf5 32. Rf2 Qe6 33. Rxg4+ Qxg4 34. h6 Qg5 35. h7+ Kxh7 36. Qh1+ Kg6 37. Rf1 Rc7 38. a3 Rfc8 39. Ka2 a5 40. g4 Rc1
41. Qe4+ Kf7 42. Rf5 Qg8 43. g5 Kg6+ 44. b3 R8c2+
0-1

[Event "turkeys on parade :  1200 to 1400"]
[Site "SchemingMind.com"]
[Date "2007.10.28"]
[Round "-"]
[White "shakazulu"]
[Black "Manfred Kraut"]
[Result "0-1"]
[WhiteCountry "ESP"]
[BlackCountry "GER"]
[WhiteElo "1307"]
[WhiteRD "81"]
[BlackElo "1246"]
[BlackRD "67"]
[GameID "126456"]

1. e4 e5 2. d4 exd4 3. Qxd4 Nc6 4. Qd1 Bc5 5. Bc4 Ne5 6. Bb3 Nf6 7. Bg5 O-O 8. Nc3 h6 9. Bxf6 Qxf6 10. Nd5 Qxf2#
0-1

[Event "turkeys on parade :  1200 to 1400"]
[Site "SchemingMind.com"]
[Date "2007.10.29"]
[Round "-"]
[White "shakazulu"]
[Black "jhobeck"]
[Result "1-0"]
[WhiteCountry "ESP"]
[BlackCountry "USA"]
[WhiteElo "1336"]
[WhiteRD "81"]
[BlackElo "1303"]
[BlackRD "74"]
[GameID "126457"]

1. d4 d5 2. Nf3 c5 3. e3 e6 4. Nc3 Nf6 5. Ne5 cxd4 6. Qxd4 Nc6 7. Bb5 Qc7 8. O-O a6 9. Bxc6+ Kd8 10. Ba4 Bc5
11. Qh4 Qxe5 12. e4 b5 13. Bb3 dxe4 14. Nxe4 Bb7 15. Rd1+ Bd5 16. Nxc5 g5 17. Qb4 g4 18. Be3 Ne4 19. Nxe4 Rg8 20. Bb6+ Kc8
21. Qc5+ Kd7 22. Bxd5
1-0

[Event "turkeys on parade :  1200 to 1400"]
[Site "SchemingMind.com"]
[Date "2007.10.29"]
[Round "-"]
[White "shakazulu"]
[Black "St.Alfonzo"]
[Result "1-0"]
[WhiteCountry "ESP"]
[BlackCountry "CAN"]
[WhiteElo "1307"]
[WhiteRD "81"]
[BlackElo "1187"]
[BlackRD "72"]
[GameID "126458"]

1. e4 d5 2. e5 Nc6 3. d4 e6 4. Nf3 g6 5. Bb5 Bd7 6. Nc3 f6 7. Bxc6 Bxc6 8. exf6 Qxf6 9. Bg5 Qf5 10. h3 Ne7
11. g4 Qf7 12. Ne5 Qg8 13. Qf3 h6 14. Bh4 g5 15. Bg3 O-O-O 16. O-O-O Ng6 17. Nxc6 bxc6 18. Rhe1 Kd7 19. Na4 Rb8 20. Nc5+ Bxc5
21. dxc5 Qc8 22. Qf7+ Ne7 23. Qxe6+ Kd8 24. Qxe7#
1-0

[Event "turkeys on parade :  1200 to 1400"]
[Site "SchemingMind.com"]
[Date "2007.10.27"]
[Round "-"]
[White "shakazulu"]
[Black "caffeine"]
[Result "0-1"]
[WhiteCountry "ESP"]
[BlackCountry "CZE"]
[WhiteElo "1307"]
[WhiteRD "81"]
[BlackElo "1454"]
[BlackRD "80"]
[GameID "126459"]

1. e4 c5 2. Nf3 Nf6 3. Nc3 g6 4. Bc4 e6 5. d3 Bg7 6. b3 O-O 7. h4 Ng4 8. d4 d5 9. exd5 cxd4 10. Nxd4 Qf6
11. Ncb5 Qxf2#
0-1

[Event "turkeys on parade :  1200 to 1400"]
[Site "SchemingMind.com"]
[Date "2007.10.31"]
[Round "-"]
[White "shakazulu"]
[Black "Qetyria"]
[Result "1-0"]
[WhiteCountry "ESP"]
[BlackCountry "USA"]
[WhiteElo "1320"]
[WhiteRD "81"]
[BlackElo "1212"]
[BlackRD "80"]
[GameID "126460"]

1. Nf3 e5 2. e4 f6 3. Nc3 Nc6 4. Bc4 Nh6 5. d3 g5 6. Be3 Bd6 7. Nd5 f5 8. Bxg5 Bb4+ 9. c3 Be7 10. Bxh6 Rg8
11. Nxc7+ Qxc7 12. Bxg8 a5 13. Bxh7 f4 14. Ng5 Qd6 15. Bg6+ Qxg6 16. h4 Qxh6 17. Qg4 Bxg5 18. Ke2 d5 19. hxg5
1-0